000 00848nam a22001937a 4500
999 _c60023
_d60023
003 Ge_BSU
005 20230531090540.0
008 230531s1968 ge ||||| |||| 00| 0 geo d
041 _ageo
080 _a737 დ-91
100 _aდუნდუა, გ.
_918332
245 _aრას მოგვითხრობენ ძველებური მონეტები /
_cგ. დუნდუა; რედ. მ. მენაღარიშვილი.
264 _aთბილისი :
_bსაბჭ. საქართველო,
_c1968.
300 _a34 გვ. :
_bილ. ;
_c21 სმ
653 _aსაქართველოს ნუმიზმატიკა
653 _aმონეტები
700 _aმენაღარიშვილი, მ.
_eრედაქტორი
_918333
942 _2udc
_cBK